00660nam a2200181 i 450000100060000000300090000600500170001500700030003200800410003510000300007624500900010625000150019626000760021130000220028785200320030999900170034195201200035883516ES-MaACL20230906174837.0t|041117s1950 xxu ||||1| eng d1 aJackson, Holbrook.96581214aThe Eighteen Nineties b: a review of art and ideas at the close /cHolbrook Jackson. a[1st ed.]. aMiddlesex : bPenguin Books, c[1950] (eHarmondsworth : fC. Nicholls) a317 p. ; c19 cm. aES-MaACLjB-13492 bR.29627 c83516d83516 00104070aATENEOMbATENEOMcSPBd2008-01-17eSCl0oB-13492p1087290r2023-02-23 00:00:00w2023-02-23yMONOGRAFIA